Therapeutic and diagnostic values of office hysteroscopy and laparoscopy in ICSI patients / (رقم التسجيلة. 45514)

تفاصيل مارك
000 -LEADER
fixed length control field 01714cam a2200349 a 4500
003 - CONTROL NUMBER IDENTIFIER
control field EG-GiCUC
005 - DATE AND TIME OF LATEST TRANSACTION
control field 20250223030946.0
008 - FIXED-LENGTH DATA ELEMENTS--GENERAL INFORMATION
fixed length control field 140324s2013 ua dh f m 000 0 eng d
040 ## - CATALOGING SOURCE
Original cataloging agency EG-GiCUC
Language of cataloging eng
Transcribing agency EG-GiCUC
041 0# - LANGUAGE CODE
Language code of text/sound track or separate title eng
049 ## - LOCAL HOLDINGS (OCLC)
Holding library Deposite
097 ## - Thesis Degree
Thesis Level Ph.D
099 ## - LOCAL FREE-TEXT CALL NUMBER (OCLC)
Classification number Cai01.11.15.Ph.D.2013.Mo.T
100 0# - MAIN ENTRY--PERSONAL NAME
Personal name Mostafa Mahmoud Ragai
245 10 - TITLE STATEMENT
Title Therapeutic and diagnostic values of office hysteroscopy and laparoscopy in ICSI patients /
Statement of responsibility, etc. Mostafa Mahmoud Ragai ; Supervised Hisham Saied Badawy , Akmal Nabil Elmazny , Waleed Saber
246 15 - VARYING FORM OF TITLE
Title proper/short title تقييم دور المنظار الرحمى العيادى والمنظار الباطنى
260 ## - PUBLICATION, DISTRIBUTION, ETC.
Place of publication, distribution, etc. Cairo :
Name of publisher, distributor, etc. Mostafa Mahmoud Ragai ,
Date of publication, distribution, etc. 2013
300 ## - PHYSICAL DESCRIPTION
Extent 127 Leaves :
Dimensions harts , facsimiles ;
-- 25cm
502 ## - DISSERTATION NOTE
Dissertation note Thesis (Ph.D.) - Cairo University - Faculty of Medicine - Department of Gynecology and Obstetrics
520 ## - SUMMARY, ETC.
Summary, etc. We studies 200 patients destined to have ICSI cycles either for the first time or repeatedly in the kasralainy IVF unit . They have done ICSI cycles due to male factor ovarian tubal uterine factors or unexplained infertility . All patients had routine office hsteroscopy prior to their cycles assessing the vagina cervix isthmus and uterin cavityand if laparoscopy was indicated as in cases with endometriosis endometriomas
530 ## - ADDITIONAL PHYSICAL FORM AVAILABLE NOTE
Additional physical form available note Issued also as CD
653 #4 - INDEX TERM--UNCONTROLLED
Uncontrolled term HSG
653 #4 - INDEX TERM--UNCONTROLLED
Uncontrolled term Hysteroscopy
653 #4 - INDEX TERM--UNCONTROLLED
Uncontrolled term ICSI
700 0# - ADDED ENTRY--PERSONAL NAME
Personal name Akmal Nabil Elmazny ,
Relator term
700 0# - ADDED ENTRY--PERSONAL NAME
Personal name Hisham Saied Badawy ,
Relator term
700 0# - ADDED ENTRY--PERSONAL NAME
Personal name Waleed Saber ,
Relator term
856 ## - ELECTRONIC LOCATION AND ACCESS
Uniform Resource Identifier <a href="http://172.23.153.220/th.pdf">http://172.23.153.220/th.pdf</a>
905 ## - LOCAL DATA ELEMENT E, LDE (RLIN)
Cataloger Nazla
Reviser Revisor
905 ## - LOCAL DATA ELEMENT E, LDE (RLIN)
Cataloger Soheir
Reviser Cataloger
942 ## - ADDED ENTRY ELEMENTS (KOHA)
Source of classification or shelving scheme Dewey Decimal Classification
Koha item type Thesis
المقتنيات
Source of classification or shelving scheme Not for loan Home library Current library Date acquired Full call number Barcode Date last seen Koha item type Copy number
Dewey Decimal Classification   المكتبة المركزبة الجديدة - جامعة القاهرة قاعة الرسائل الجامعية - الدور الاول 11.02.2024 Cai01.11.15.Ph.D.2013.Mo.T 01010110062331000 22.09.2023 Thesis  
Dewey Decimal Classification   المكتبة المركزبة الجديدة - جامعة القاهرة مخـــزن الرســائل الجـــامعية - البدروم 11.02.2024 Cai01.11.15.Ph.D.2013.Mo.T 01020110062331000 22.09.2023 CD - Rom 62331.CD
Cairo University Libraries Portal Implemented & Customized by: Eng. M. Mohamady Contacts: new-lib@cl.cu.edu.eg | cnul@cl.cu.edu.eg
CUCL logo CNUL logo
© All rights reserved — Cairo University Libraries
CUCL logo
Implemented & Customized by: Eng. M. Mohamady Contact: new-lib@cl.cu.edu.eg © All rights reserved — New Central Library
CNUL logo
Implemented & Customized by: Eng. M. Mohamady Contact: cnul@cl.cu.edu.eg © All rights reserved — Cairo National University Library